| 000 | 01100nam a22002894a 4500 | ||
|---|---|---|---|
| 001 | ebr5004020 | ||
| 003 | CaPaEBR | ||
| 006 | m u | ||
| 007 | cr cn||||||||| | ||
| 008 | 990728s1999 enk sb 001 0 eng | ||
| 010 | _z 99041632 | ||
| 020 | _z1853023590 (alk. paper) | ||
| 040 |
_aCaPaEBR _cCaPaEBR |
||
| 035 | _a(OCoLC)646902744 | ||
| 050 | 1 | 4 |
_aBF121 _b.S883 1999eb |
| 082 | 0 | 4 |
_a150 _221 |
| 100 | 1 | _aStuart-Hamilton, Ian. | |
| 245 | 1 | 0 |
_aKey ideas in psychology _h[electronic resource] / _cIan Stuart-Hamilton. |
| 260 |
_aLondon ; _aPhiladelphia, PA : _bJ. Kingsley Publishers, _c1999. |
||
| 300 | _a336 p. | ||
| 504 | _aIncludes bibliographical references (p. 322-329) and index. | ||
| 533 |
_aElectronic reproduction. _bPalo Alto, Calif. : _cebrary, _d2013. _nAvailable via World Wide Web. _nAccess may be limited to ebrary affiliated libraries. |
||
| 650 | 0 | _aPsychology. | |
| 655 | 7 |
_aElectronic books. _2local |
|
| 710 | 2 | _aebrary, Inc. | |
| 856 | 4 | 0 |
_uhttp://site.ebrary.com/lib/rucke/Doc?id=5004020 _zAn electronic book accessible through the World Wide Web; click to view |
| 999 |
_c703 _d703 |
||